| 000 | 00732nam a2200217Ii 4500 | ||
|---|---|---|---|
| 003 | JO-AjNU | ||
| 008 | 230605s9999||||xx |||||||||||||| ||und|| | ||
| 017 | _a2001/11/2340 | ||
| 040 |
_aJO-AjNU _bara _erda _cJO-AjNU |
||
| 041 | _aara | ||
| 050 | 1 | 4 | _aPJ7842.H486.F3 2002 |
| 100 | 3 |
_aتأليف الخطيب، فؤاد ؛ تقديم ودراسة الخطبا، فوزي, _eauthor _948586 |
|
| 245 | 0 | 0 | _aفتح الأندلس |
| 250 | _aط1 | ||
| 264 | 3 | 1 | _aعمان:دار المناهج للنشر والتوزيع،2002 |
| 300 | _a135ص | ||
| 336 |
_atext _btxt _2rdacontent |
||
| 337 |
_aunmediated _bn _2rdamedia |
||
| 338 |
_avolume _bnc _2rdacarrier |
||
| 650 | 4 |
_aالأدب العربي - فتح الأندلس _948587 |
|
| 999 |
_aA21287 _c24855 _d24855 |
||